<?xml version="1.0" encoding="UTF-8"?>
<record
    xmlns:xsi="http://www.w3.org/2001/XMLSchema-instance"
    xsi:schemaLocation="http://www.loc.gov/MARC21/slim http://www.loc.gov/standards/marcxml/schema/MARC21slim.xsd"
    xmlns="http://www.loc.gov/MARC21/slim">

  <leader>00580caa a22001692a 4500</leader>
  <controlfield tag="001">  014995</controlfield>
  <controlfield tag="003">  AR-FADEU</controlfield>
  <controlfield tag="008">  311216n########xxu####################dd</controlfield>
  <datafield tag="092" ind1=" " ind2=" ">
    <subfield code="a">813.01</subfield>
    <subfield code="b">M129</subfield>
  </datafield>
  <datafield tag="100" ind1=" " ind2=" ">
    <subfield code="a">Updike, John</subfield>
  </datafield>
  <datafield tag="245" ind1=" " ind2=" ">
    <subfield code="a">The orphaned swimming pool</subfield>
  </datafield>
  <datafield tag="300" ind1=" " ind2=" ">
    <subfield code="a">PP. 50-60</subfield>
  </datafield>
  <datafield tag="500" ind1=" " ind2=" ">
    <subfield code="a">En: Twentieth century american short stories / Jean A. McConochie. New York : Collier Macmillan, 1968</subfield>
  </datafield>
  <datafield tag="546" ind1=" " ind2=" ">
    <subfield code="a">Ingl&#xE9;s</subfield>
  </datafield>
  <datafield tag="942" ind1=" " ind2=" ">
    <subfield code="c">BDGR</subfield>
  </datafield>
  <datafield tag="999" ind1=" " ind2=" ">
    <subfield code="c">20754</subfield>
    <subfield code="d">20754</subfield>
  </datafield>
  <datafield tag="773" ind1="0" ind2=" ">
    <subfield code="0">20749</subfield>
    <subfield code="9">20547</subfield>
    <subfield code="a">McConochie, Jean A.</subfield>
    <subfield code="b"></subfield>
    <subfield code="d">New York</subfield>
    <subfield code="o">0267</subfield>
    <subfield code="t">Twentieth century american short stories</subfield>
    <subfield code="w">(  AR-FADEU)  014990</subfield>
    <subfield code="x"></subfield>
    <subfield code="z"></subfield>
  </datafield>
</record>
